Aróma ako súčasť identity značky diplomová práca

Guardado en:
Detalles Bibliográficos
Autor principal: Feško, Jozef
Autor Corporativo: Podnikovohospodárska fakulta EU so sídlom v Košiciach. Katedra obchodného podnikania
Otros Autores: Lieskovská, Vanda, 1961-
Formato: Libro
Lenguaje:eslovaco
Publicado: Košice 2025
Etiquetas: Agregar Etiqueta
Sin Etiquetas, Sea el primero en etiquetar este registro!

MARC

LEADER 00000nbm a2200000 4500
001 0309099
005 20251118131428.3
041 0 |a slo 
044 |a SK 
245 1 0 |a Aróma ako súčasť identity značky  |b diplomová práca  |c Jozef Feško ; školiteľ: Vanda Lieskovská 
264 1 |a Košice  |c 2025 
300 |a 65 s. 
100 1 |a Feško, Jozef 
700 1 |a Lieskovská, Vanda, 1961- 
710 2 |a Podnikovohospodárska fakulta EU so sídlom v Košiciach. Katedra obchodného podnikania